[Event "Oceania zt"]
[Site "Tumon"]
[Date "2019.02.22"]
[Round "7"]
[White "Kumar, Viney"]
[Black "Tirador, Elias"]
[Result "0-1"]
[WhiteElo "1633"]
[BlackElo "1804"]
[PlyCount "80"]
[EventDate "2019.02.18"]
[EventType "swiss"]
[EventRounds "9"]
[EventCountry "GMA"]
[SourceTitle "CBM 189 Extra"]
[Source "ChessBase"]
[SourceDate "2019.06.03"]
[SourceVersion "1"]
[SourceVersionDate "2019.06.03"]
[SourceQuality "1"]

1. c4 e5 2. Nc3 Nc6 3. g3 f5 4. Bg2 Bb4 5. Nd5 Bc5 6. a3 a5 7. e3 Nf6 8. Ne2 0-0 9. 0-0 Nxd5 10. cxd5 Ne7 11. d4 Bd6 12. Bd2 e4 13. Qb3 Kh8 14. Nc3 b6 15. f3 exf3 16. Bxf3 Bb7 17. Nb5 Ba6 18. Rfe1 Bxb5 19. Qxb5 Qe8 20. Re2 Rd8 21. Rae1 Qg6 22. Qd3 Qf6 23. Rf2 g6 24. Ref1 Qg7 25. Bg2 Ng8 26. b4 axb4 27. Bxb4 Bxb4 28. axb4 Qe7 29. Qc3 d6 30. Rc2 Rd7 31. e4 fxe4 32. Rxf8 Qxf8 33. Bxe4 Rf7 34. Qe3 Re7 35. Qf3 Qg7 36. Qd3 Nf6 37. Bg2 Re1+ 38. Kf2 Re7 39. h3 Qf7 40. Qb3 Ng4+ 0-1

[Event "Oceania zt"]
[Site "Tumon"]
[Date "2019.02.18"]
[Round "1"]
[White "Camer, Angelito"]
[Black "Kumar, Viney"]
[Result "1-0"]
[WhiteElo "2083"]
[BlackElo "1633"]
[PlyCount "89"]
[EventDate "2019.02.18"]
[EventType "swiss"]
[EventRounds "9"]
[EventCountry "GMA"]
[SourceTitle "CBM 189 Extra"]
[Source "ChessBase"]
[SourceDate "2019.06.03"]
[SourceVersion "1"]
[SourceVersionDate "2019.06.03"]
[SourceQuality "1"]

1. d4 Nf6 2. c4 g6 3. Nc3 d5 4. cxd5 Nxd5 5. Na4 Bg7 6. e4 Nb4 7. Be3 0-0 8. Nc5 N4c6 9. Nf3 Nd7 10. Nb3 e5 11. d5 Ne7 12. Be2 Nf6 13. Qc2 c6 14. dxc6 Nxc6 15. Rd1 Qc7 16. 0-0 Nh5 17. Bc5 Rd8 18. Ng5 Nf4 19. Bc4 Ne6 20. Nxe6 Bxe6 21. Bxe6 fxe6 22. Qc4 Qf7 23. Be3 Bf8 24. Nc5 Bxc5 25. Qxc5 Rac8 26. Bg5 Rd7 27. b4 b6 28. Qb5 Rd4 29. Rxd4 exd4 30. Rc1 Qd7 31. a3 Kg7 32. e5 h6 33. Bf6+ Kf7 34. h4 d3 35. Rd1 Qd4 36. Rxd3 Qa1+ 37. Kh2 Rc7 38. Qc4 b5 39. Qf4 Qb1 40. Rc3 Qf5 41. Qxh6 Rc8 42. Rxc6 Qxf6 43. exf6 Rxc6 44. Qg7+ Ke8 45. Qe7# 1-0

[Event "AUS-ch Major"]
[Site "Cammeray"]
[Date "2018.01.03"]
[Round "2"]
[White "Kumar, Viney"]
[Black "Bracks, Sebastian"]
[Result "1-0"]
[WhiteElo "1685"]
[BlackElo "1311"]
[PlyCount "79"]
[EventDate "2018.01.02"]
[EventType "swiss"]
[EventRounds "11"]
[EventCountry "AUS"]
[SourceTitle "CBM 182 Extra"]
[Source "ChessBase"]
[SourceDate "2018.02.23"]
[SourceVersion "1"]
[SourceVersionDate "2018.02.23"]
[SourceQuality "1"]

1. c4 g6 2. Nc3 Bg7 3. g3 Nf6 4. Bg2 0-0 5. Nf3 d6 6. 0-0 c5 7. d4 e6 8. dxc5 dxc5 9. Bf4 a6 10. Bd6 Re8 11. Bxc5 Qa5 12. Be3 Ng4 13. Bd2 Rd8 14. Qc2 Nc6 15. a3 Nge5 16. Nxe5 Bxe5 17. Bxc6 bxc6 18. b4 Qc7 19. Bg5 f6 20. Be3 Qg7 21. Rad1 Bb7 22. Ne4 f5 23. Nc5 Qf7 24. Bg5 Rxd1 25. Rxd1 Bc8 26. Qa4 Qc7 27. Bd8 Qb8 28. Qxc6 Ra7 29. Qe8+ Kg7 30. Nxe6+ Bxe6 31. Qxe6 Kh6 32. Rd7 Rxd7 33. Qxd7 Bc3 34. h4 Qe5 35. Bg5+ Kh5 36. Qd3 Qe4 37. Qxe4 fxe4 38. f3 exf3 39. exf3 Bd4+ 40. Kg2 1-0

[Event "Oceania zt 3.6"]
[Site "Auckland"]
[Date "2017.01.17"]
[Round "6"]
[White "Chan, Anthony"]
[Black "Kumar, Viney"]
[Result "1/2-1/2"]
[WhiteElo "1881"]
[BlackElo "1703"]
[PlyCount "42"]
[EventDate "2017.01.14"]
[EventType "swiss"]
[EventRounds "9"]
[EventCountry "NZL"]
[SourceTitle "EXT 2018"]
[Source "ChessBase"]
[SourceDate "2017.10.13"]
[SourceVersion "1"]
[SourceVersionDate "2017.10.13"]
[SourceQuality "1"]

1. c4 e6 2. e4 d5 3. exd5 exd5 4. d4 c6 5. Nf3 Nf6 6. Nc3 Be7 7. Be2 dxc4 8. Bxc4 0-0 9. 0-0 Nbd7 10. Be3 Nb6 11. Bb3 Nbd5 12. Qd3 h6 13. Rad1 Bg4 14. Bc1 Bh5 15. Rfe1 Re8 16. Re5 Bg6 17. Qe2 Bd6 18. Rxe8+ Qxe8 19. Qxe8+ Rxe8 20. Nxd5 Nxd5 21. Bxd5 cxd5 1/2-1/2